000 00341nam a2200133Ia 4500
008 151001s9999||||xx |||||||||||||| ||und||
100 _aविजय अग्रवाल
245 _aआता उशीर कशाला
250 _a1
260 _bइंद्रा
260 _c2006
300 _a116
365 _b21
999 _c987922
_d987919